Сказки дядюшки Римуса (Запись № 10389307)

Подробности
000 -МАРКЕР
контрольное поле 02139nam0a2200361 4500
001 - ИДЕНТИФИКАТОР ЗАПИСИ
контрольное поле RU\NLR\BIBL_A\010854399
005 - ИДЕНТИФИКАТОР ВЕРСИИ
контрольное поле 201510090508
010 ## - МЕЖДУНАРОДНЫЙ СТАНДАРТНЫЙ НОМЕР КНИГИ (ISBN)
Номер (ISBN) 978-5-353-07409-0
Тираж 12000.
021 ## - НОМЕР ГОСУДАРСТВЕННОЙ РЕГИСТРАЦИИ
Код страны Российская Федерация
Номер 2015-70555
Номер Листа государственной регистраци 4222
035 ## - ДРУГИЕ СИСТЕМНЫЕ НОМЕРА
Идентификатор записи (NLR Aleph) 010854399
035 ## - ДРУГИЕ СИСТЕМНЫЕ НОМЕРА
Идентификатор записи (NILC)RuMoRGB-008018532
100 ## - ДАННЫЕ ОБЩЕЙ ОБРАБОТКИ
Данные общей обработки 20151002d2015 dm y0rusy50 ca
101 1# - ЯЗЫК РЕСУРСА
Язык текста, звукозаписи и т.д. русский
Язык оригинала английский
102 ## - СТРАНА ПУБЛИКАЦИИ ИЛИ ПРОИЗВОДСТВА
Страна публикации Российская Федерация
105 ## - ПОЛЕ КОДИРОВАННЫХ ДАННЫХ: ТЕКСТОВЫЕ МАТЕРИАЛЫ, МОНОГРАФИЧЕСКИЕ
Кодированные данные о монографическом текстовом документе a|||z|||000ay
200 1# - ЗАГЛАВИЕ И СВЕДЕНИЯ ОБ ОТВЕТСТВЕННОСТИ
Основное заглавие Сказки дядюшки Римуса
Сведения, относящиеся к заглавию [для среднего школьного возраста]
Первые сведения об ответственности Дж. Ч. Харрис
Последующие сведения об ответственности пер. с англ. и обраб. М. Гершензона
-- худож.: М. Волкова
210 ## - ПУБЛИКАЦИЯ, РАСПРОСТРАНЕНИЕ И ДР.
Место издания, распространения и т.д. Москва
Имя издателя, распространителя и т. д. Росмэн
Дата издания, распространения и т.д. 2015
215 ## - ФИЗИЧЕСКАЯ ХАРАКТЕРИСТИКА
Специфическое обозначение материала и объем 122, [5] с.
Другие сведения о физической характеристике цв. ил.
Размеры 21
225 1# - СЕРИЯ
Основное заглавие серии Внеклассное чтение
300 ## - ОБЩИЕ ПРИМЕЧАНИЯ
Текст примечания Произведение печатается без сокращений
327 0# - ПРИМЕЧАНИЯ О СОДЕРЖАНИИ
Текст примечания Содерж.: Братец Лис и Братец Кролик; Смоляное чучелко; Храбрый Братец Опоссум; Как Братец Кролик перехитрил Братца Лиса; Сказка про лошадь Братца Кролика; Как Братец Кролик опять перехитрил Братца Лиса; Как Братец Сарыч перехитрил Братца Лиса; Как Братец Кролик выдоил Матушку Корову; В гостях у Матушки Мидоус; Неудача Братца Волка [и др.]
686 0# - ИНДЕКСЫ ДРУГИХ КЛАССИФИКАЦИЙ
Индекс Ш9(7США)62-4
700 #1 - ИМЯ ЛИЦА - ПЕРВИЧНАЯ ОТВЕТСТВЕННОСТЬ
Начальный элемент ввода Харрис
Часть имени, кроме начального элемента ввода Д. Ч.
Даты 1848-1908
Расширение инициалов личного имени Джоэль Чендлер
Идентификатор авторитетной/нормативной записи RU\NLR\AUTH\774056
702 #1 - ИМЯ ЛИЦА - ВТОРИЧНАЯ ОТВЕТСТВЕННОСТЬ
Начальный элемент ввода Гершензон
Часть имени, кроме начального элемента ввода М. А.
Даты 1900-1942
Расширение инициалов личного имени Михаил Абрамович
Идентификатор авторитетной/нормативной записи RU\NLR\AUTH\7729711
Код отношения Автор адаптации
702 #1 - ИМЯ ЛИЦА - ВТОРИЧНАЯ ОТВЕТСТВЕННОСТЬ
Начальный элемент ввода Волкова
Часть имени, кроме начального элемента ввода М. Г.
Дополнения к именам, кроме дат художник
Даты 1954-
Расширение инициалов личного имени Маргарита Григорьевна
Идентификатор авторитетной/нормативной записи RU\NLR\AUTH\770149680
Код отношения Карикатурист, Художник
801 #0 - ИСТОЧНИК ЗАПИСИ
Страна Российская Федерация
Организация РГБ
Дата составления 20150910
Правила каталогизации RCR
942 ## - ДОПОЛНИТЕЛЬНЫЕ ЭЛЕМЕНТЫ ЗАПИСИ (АБИС)
Тип экземпляра АБИС Книга
980 ## - КОЛЛЕКЦИЯ
Название коллекции НБР
980 ## - КОЛЛЕКЦИЯ
Название коллекции Национальная библиография

Нет доступных экземпляров.